| 000 | 00592nam a22001697a 4500 | ||
|---|---|---|---|
| 999 |
_c130182 _d130182 |
||
| 008 | 200123b ||||| |||| 00| 0 eng d | ||
| 020 | _a9781788315180 | ||
| 050 | _aDT159.94 S933 | ||
| 100 |
_aKuol, Luka Biong Deng (ed.) _949044 |
||
| 245 |
_aThe Struggle for South Sudan: _bchallenges of security and state formation _cedited by Luka Biong Deng Kuol and Sarah Logan |
||
| 260 |
_aLondon _bI.B. Tauris _c2019 |
||
| 300 |
_a283p. _c22cm. |
||
| 650 |
_aSouth Sudan _xPolitics _949045 |
||
| 650 |
_aSouth Sudan _xHistory _949046 |
||
| 700 |
_aLogan, Sarah (ed.) _949047 |
||
| 942 |
_2lcc _cMONOGRAPH |
||